Liedtext - Schubsetanz - Feuerschwanz - Statistiken

Allgemein
  • Dieses Quiz wurde 10 mal gespielt
  • Das Durchschnittsergebnis liegt bei 188 aus 224
Antwortstatistiken
Antwort % Korrekt
das
100%
Das
100%
der
100%
Ein
100%
ein
100%
ich
100%
Ich
100%
ihr
100%
in
100%
ist
100%
Kennt
100%
Könnt
100%
nicht
100%
Ritter
100%
Rittersport
100%
schlagen
100%
schon
100%
Schub-Schub-
100%
Schub-Schub-Schubsetanz
100%
Schubsetanz
100%
und
100%
Und
100%
vertragen
100%
Wie
100%
wieder
100%
Zauberwort?
100%
auf
86%
bisschen
86%
Bitte
86%
bitte
86%
dann
86%
dem
86%
den
86%
denn
86%
Denn
86%
Doch
86%
Ehe
86%
eine
86%
einst
86%
es
86%
euch
86%
eurer
86%
Fahre
86%
gerne?
86%
hab
86%
Hafen
86%
Kerle
86%
knüppelt
86%
Lords
86%
Meer
86%
Mitte
86%
'ne
86%
'nen
86%
Platz
86%
Rüstung
86%
Schafft
86%
sehr
86%
sind
86%
Sind
86%
starten
86%
stehe
86%
tanzt
86%
teilte
86%
Traualtar
86%
welcher
86%
Wenn
86%
werd
86%
Werte
86%
werte
86%
Wir
86%
allzu
71%
Arsche
71%
Aus
71%
aus
71%
brav
71%
Cha-Cha-Cha
71%
direkt
71%
eines
71%
fein
71%
gemein
71%
Gibt
71%
hassen
71%
Helm
71%
Hochzeitskapelle
71%
Hochzeitstanz
71%
Hölle
71%
im
71%
konditioniert
71%
Krieger
71%
Ladys
71%
lang
71%
Mehr
71%
Metal
71%
Moses
71%
noch
71%
nur
71%
Pastor
71%
Pogo
71%
richtige
71%
Rumba
71%
Salsa
71%
Statt
71%
Stock
71%
Tages
71%
tragen
71%
vorm
71%
vorprogrammiert
71%
Walzer
71%
warten
71%
wird
71%
zieht
71%
Akrobaten
57%
fragen
57%
für
57%
Kindergarten
57%
Pöbel
57%
Primaten
57%
Tänzer
57%
weder
57%
Werter
57%
wertes
57%
Gesocks
43%
Keilereien
43%
Schuhplattler
43%
Unsere
43%
Drum
29%
Gene
29%
nach
29%
Jazzregeln
0%
Keine übereinstimmenden Quizze gefunden
Verteilung der Resultate
Anzahl Personen mit jedem Resultat
Perzentil nach korrekt beantworteten Fragen
Ihre Resultats-Entwicklung
Sie haben dieses Quiz noch nicht gespielt